000 00270nam a2200121 a 4500
008 100917s1988|||| d
245 1 0 _aNoční let
100 1 _ade Saint-Exupéry, Antoine
260 _bSmena
_aPraha
_c1988
020 _c25
044 _aCZ
041 _acze
999 _c9825
_d9825